000 00380nam a22001697a 4500
005 20160528140945.0
008 160528b xxu||||| |||| 00| 0 eng d
020 _a81-203-0484-5
041 _aeng
082 _b5833
100 _aLuck & Rubin
_91460
245 _aMarketing Research
260 _aNew Delhi
_bPHI,
300 _a653
650 _aManagement
_9241
942 _cBK
999 _c2070
_d2069